• 首页
  • 本馆介绍
  • 公告通知
  • 最新文献
  • 馆藏检索
  • 电子资源
  • 读者导购
  • 参考咨询
  • 我的图书馆
  • 登录
  • 详细信息显示
  • 放入我的书架
  • 预约/预借图书
  • 作者相关作品
  • 分类相关作品
  • 丛书相关作品
  • 出版社相关作品

书目信息

  • 表格格式
  • 工作单格式
  • 卡片格式
题名:
穆斯堡尔效应在尖晶石氧化物研究中的应用
    
 
作者: 何云 , 林卿 , 林锦培 著
分册:  
出版信息: 北京   科学出版社  2018.8
页数: 181页
开本: 26cm
丛书名:
单 册:
中图分类: P578.4
科图分类:
主题词: 穆斯堡尔效应--应用--尖晶石--氧化物
电子资源:
ISBN: 978-7-03-056591-4
000 01101nam0 2200253 45
001 012001000163
005 20140910155758.0
010    @a978-7-03-056591-4@dCNY78.00
100    @a20180927d2018 em y0chiy50 ea
101 0  @achi
102    @aCN@b110000
105    @aa z 000yy
106    @ar
200 1  @a穆斯堡尔效应在尖晶石氧化物研究中的应用@Amu si bao er xiao ying zai jian jing shi yang hua wu yan jiu zhong de ying yong@b专著@f何云,林卿,林锦培著
210    @a北京@c科学出版社@d2018.8
215    @a181页@c图,照片@d26cm
330    @a本书重点介绍穆斯堡尔效应在尖晶石型氧化物研究中的应用,并详细分析尖晶石型氧化物材料的结构和磁性能。书中也汇集了尖晶石型氧化物材料的穆斯堡尔效应研究成果与相关技术,既介绍穆斯堡尔效应的基本原理,又突出磁性功能材料的先进性和应用的前沿性,是物理学、化学、材料科学、波谱学等学科基础理论研究与应用技术的集成反映。
606 0  @a穆斯堡尔效应@x应用@x尖晶石@x氧化物
690    @aP578.4@v5
701  0 @a何云@Ahe yun@4著
701  0 @a林卿@Alin qing@4著
701  0 @a林锦培@Alin jin pei@4著
801  0 @aCN@bBJSDL@c20211011
905    @b1330623-6@dP578.4@e169@f4
    
    穆斯堡尔效应在尖晶石氧化物研究中的应用/何云,林卿,林锦培著.-北京:科学出版社,2018.8
    181页:图,照片;26cm
    
    
    ISBN 978-7-03-056591-4:CNY78.00
    本书重点介绍穆斯堡尔效应在尖晶石型氧化物研究中的应用,并详细分析尖晶石型氧化物材料的结构和磁性能。书中也汇集了尖晶石型氧化物材料的穆斯堡尔效应研究成果与相关技术,既介绍穆斯堡尔效应的基本原理,又突出磁性功能材料的先进性和应用的前沿性,是物理学、化学、材料科学、波谱学等学科基础理论研究与应用技术的集成反映。
●
相关链接 在E读中查询图书 在五车中查询图书 在当当中查询图书 在豆瓣中查询图书


正题名:穆斯堡尔效应在尖晶石氧化物研究中的应用     索取号:P578.4/169         预约/预借

序号 登录号 条形码 馆藏地/架位号 状态 备注
1 1330623   213306233   第二样本阅览室/ [索取号:P578.4/169] 在馆    
2 1330624   213306242   第三借阅区/ [索取号:P578.4/169] 在馆    
3 1330625   213306251   第三借阅区/ [索取号:P578.4/169] 在馆    
4 1330626   213306260   第三借阅区/ [索取号:P578.4/169] 在馆    
唐山师范学院图书馆 欢迎您!
大连网信软件有限公司© 版权所有